World Capitals Containing the Letter D - Statistics

General Stats
  • This quiz has been taken 4,194 times
  • The average score is 31 of 39
Answer Stats
Continent Capital % Correct
Europe Dublin
92%
Africa Dakar
91%
Asia Damascus
90%
Asia Dhaka
90%
Europe Madrid
90%
Asia Dushanbe
88%
Europe Amsterdam
86%
Europe Budapest
86%
Africa Dodoma
86%
Asia Doha
86%
Asia Dili
85%
Asia New Delhi
85%
Africa Djibouti
84%
Europe London
83%
Europe Andorra la Vella
82%
Asia Baghdad
82%
Africa Addis Ababa
81%
Europe Podgorica
81%
Asia Abu Dhabi
80%
Asia Riyadh
79%
North America Santo Domingo
79%
South America Montevideo
78%
Asia Bandar Seri Begawan
77%
Europe Belgrade
77%
Europe Vaduz
77%
North America Bridgetown
75%
Asia Islamabad
74%
Africa Mogadishu
74%
Asia Kathmandu
73%
Africa Windhoek
73%
Africa Luanda
72%
Africa N'djamena
72%
Africa Yaounde
71%
North America San Salvador
68%
Oceania Ngerulmud
67%
Africa Ouagadougou
64%
Asia Sri Jayawardenepura Kotte
63%
Asia Naypyidaw
61%
North America Washington, DC
57%
No matching quizzes found
Score Distribution
Percent of People with Each Score
Percentile by Number Answered
Your Score History
You have not taken this quiz